000 00624nam a2200205Ia 4500
003 IN-BaIIA
008 211028s9999 xx 000 0 eng d
020 _a0-7167-0348-3
040 _cIIA Library
080 _a524.5
_bOST
100 _aOsterbrock, Donald E
_98397
245 0 _aAstrolphysics of gaseous nebulae
_cDonald E. Osterbrock
260 _aSan Francisco
_bW. H. Freeman
_c1974
300 _axiv, 251p.
490 _aA series of books in astronomy and astrophysics
650 _a Nebulae 
_98398
650 _a Planetary nebulae
_98399
650 _aAstronomy and astrophysics thesaurus 
_91143
942 _cBK
999 _c4729
_d4729